书目信息 |
| 题名: |
基本粒子发现简史
|
|
| 作者: | 杨振宁 著 ;杨振玉 译 | |
| 分册: | ||
| 出版信息: | 上海 上海科学技术出版社 1963 |
|
| 页数: | 68页 | |
| 开本: | 20cm | |
| 丛书名: | ||
| 单 册: | ||
| 中图分类: | O572.2 | |
| 科图分类: | ||
| 主题词: | 基本粒子--物理学 | |
| 电子资源: | ||
| ISBN: | ||
| 000 | 00651nam0 2200229 45 | |
| 001 | 0179000707 | |
| 005 | 20060920144227.42 | |
| 010 | @dCNY0.35 | |
| 091 | @a13119.524 | |
| 100 | @a19950726e19791963em y0chiy0121 ea | |
| 101 | 1 | @achi |
| 102 | @aCN@b310000 | |
| 105 | @ay z 000yy | |
| 200 | 10 | @a基本粒子发现简史@Aji ben li zi fa xian jian shi@f杨振宁著@FYang Zhen Ning Zhu@g杨振玉译 |
| 210 | @a上海@c上海科学技术出版社@d1963@h1979重印 | |
| 215 | @a68页@d20cm | |
| 606 | @a基本粒子@x物理学 | |
| 690 | @aO572.2@v3 | |
| 701 | 0 | @a杨振宁@Ayang zhen ning@4著 |
| 702 | 0 | @a杨振玉@Ayang zhen yu@4译 |
| 801 | 0 | @aCN@bNLC@c20060920 |
| 905 | @dO572.2@e10 | |
| 基本粒子发现简史/杨振宁著/杨振玉译.-上海:上海科学技术出版社,1963(1979重印) |
| 68页;20cm |
| ISBN :CNY0.35 |
| ● |
| 相关链接 |
|
|
|
|
正题名:基本粒子发现简史
索取号:O572.2/10
 
预约/预借
| 序号 | 登录号 | 条形码 | 馆藏地/架位号 | 状态 | 备注 |
| 1 | 0126336 | 001452234 | 第三借阅区/ [索取号:O572.2/10] | 在馆 | |
| 2 | 0126337 | 001452332 | 第三借阅区/ [索取号:O572.2/10] | 在馆 | |
| 3 | 0126338 | 001452225 | 第三借阅区/ [索取号:O572.2/10] | 在馆 | |
| 4 | 0126339 | 001452261 | 第三借阅区/ [索取号:O572.2/10] | 在馆 | |
| 5 | 0126340 | 202101983 | 第二样本阅览室/ [索取号:O572.2/10] | 在馆 | |
| 6 | 0174251 | 001451743 | 第三借阅区/ [索取号:O572.2/10] | 在馆 | |
| 7 | 0174252 | 001452298 | 第三借阅区/ [索取号:O572.2/10] | 在馆 | |
| 8 | 0174253 | 202248362 | 密集书库/ [索取号:O572.2/10] | 在馆 | |
| 9 | 0174254 | 001977178 | 第三借阅区/ [索取号:O572.2/10] | 在馆 | |
| 10 | 0174255 | 202248282 | 密集书库/ [索取号:O572.2/10] | 在馆 | |
| 11 | 0422321 | 204223214 | 密集书库/ [索取号:O572.2/10] | 在馆 | |
| 12 | 0422322 | 204223223 | 密集书库/ [索取号:O572.2/10] | 在馆 | |
| 13 | 0432070 | 204320706 | 密集书库/ [索取号:O572.2/10] | 在馆 | |
| 14 | 0434031 | 204340310 | 密集书库/ [索取号:O572.2/10] | 在馆 | |
| 15 | 0434120 | 204341202 | 密集书库/ [索取号:O572.2/10] | 在馆 | |
| 16 | 0434356 | 204343567 | 密集书库/ [索取号:O572.2/10] | 在馆 | |
| 17 | 0443751 | 204437519 | 密集书库/ [索取号:O572.2/10] | 在馆 | |
| 18 | 0452111 | 204521115 | 密集书库/ [索取号:O572.2/10] | 在馆 | |
| 19 | 0461729 | 204617290 | 密集书库/ [索取号:O572.2/10] | 在馆 | |
| 20 | 0461922 | 204619225 | 密集书库/ [索取号:O572.2/10] | 在馆 | |
| 21 | 0468502 | 204685028 | 密集书库/ [索取号:O572.2/10] | 在馆 | |
| 22 | 0468503 | 204685037 | 密集书库/ [索取号:O572.2/10] | 在馆 | |
| 23 | 0468764 | 204687641 | 密集书库/ [索取号:O572.2/10] | 在馆 |